00494nam a2200193 a 4500001001300000003000900013005001700022008004100039020001000080082001300090100001900103245003700122260003800159300000800197500003500205505002500240650001600265700001900281nice12345678IN_TiNIC20260116012653.0050524s1981 cana grp 000 0 eng  ac10000a239bMAD aMadany, Bassam aSharing God`s Word With a Muslim aCanadabFellowship of Faithc1981 a92p aincludes index and biblioraphy2 aBibliograpphy, Index aApologetics1 aMadany, Bassam